000 00678nam a2200205Ia 4500
003 OSt
005 20250530163731.0
008 210210b1982 xxu||||| |||| 00| 0 eng d
040 _cAL
041 _aKannada
082 _a398.2K SANK
100 _aSANDHYAREDDI (K R)
_dಸಂಧ್ಯಾರೆಡ್ಡಿ (ಕೆ ಅರ್)
_9211933
245 _aKannada janapad kathegalu
_bಕನ್ನಡ ಜಾನಪದ ಕಥೆಗಳು
260 _aBengaluru.
_bKannada shitya Parishattu.,
_c1982
300 _axii,543
690 _aFolklore
_9211934
700 _aHampa Nagarajayya
_d ಹಂಪ ನಾಗರಾಜಯ್ಯ, ಸಂಪ.
_9211935
906 _a036761
942 _2ddc
_cBK
999 _c86937
_d86937